[Event "3rd Split Open 2013"]
[Site "Split CRO"]
[Date "2013.08.14"]
[Round "5.6"]
[White "Stokke,K"]
[Black "Lyrberg,P"]
[Result "0-1"]
[WhiteElo "2385"]
[BlackElo "2438"]

1.Nf3 d5 2.g3 c6 3.Bg2 Nf6 4.c4 dxc4 5.O-O Bg4 6.Qc2 Nbd7 7.Na3 Bxf3 8.Bxf3 e5
9.Nxc4 Qc7 10.b3 Bc5 11.Bb2 O-O 12.Rac1 Rfe8 13.Bg2 Bf8 14.d4 e4 15.Nd2 e3
16.fxe3 Ng4 17.Nc4 Nb6 18.Rf3 Nxc4 19.bxc4 Nxe3 20.Qd3 Nxg2 21.Kxg2 Qe7 22.e3 Qe4
23.Rc3 c5 24.Qxe4 Rxe4 25.Rf4 Re6 26.Rb3 Bd6 27.Rf2 b6 28.a4 Rae8 29.Kf3 h5
30.a5 bxa5 31.Bc1 Re4 32.Rd3 h4 33.Ra2 Bc7 34.Ba3 cxd4 35.exd4 g5 36.Kg2 g4
37.gxh4 Re2+ 38.Rxe2 Rxe2+ 39.Kf1 Rc2 40.d5 Bxh2 41.Ke1 g3 42.Bd6 Rxc4 43.Bxg3 Bxg3+
44.Rxg3+ Kf8 45.h5 Re4+ 46.Kf2 Re5 47.h6 Rh5 48.Rb3 Rxh6 49.Rb8+ Kg7 50.Rb7 Ra6
51.Ke3 a4 52.d6 a3 53.d7 a2 54.d8=Q a1=Q 55.Qd4+ Qxd4+ 56.Kxd4 Ra3 57.Ke5 a5
58.Ra7 a4 59.Kf4 Ra1 60.Kg3 a3 61.Ra6 a2 62.Kg2 f5 63.Kh2 f4 64.Ra4 f3 65.Ra3 f2
66.Rg3+ Kh6 67.Rh3+ Kg5 68.Rg3+ Kf4 69.Ra3 f1=Q 70.Rf3+ Ke4  0-1

[Event "22nd ZMDI Open 2013"]
[Site "Dresden GER"]
[Date "2013.08.15"]
[Round "6.16"]
[White "Siedentopf,D"]
[Black "Petzold,G"]
[Result "1/2-1/2"]
[WhiteElo "2311"]
[BlackElo "2238"]

1.Nf3 d5 2.g3 Nf6 3.Bg2 e6 4.O-O Nbd7 5.d4 b5 6.b3 Bb7 7.c4 bxc4 8.bxc4 dxc4
9.Qa4 Be7 10.Ne5 Bxg2 11.Kxg2 O-O 12.Nc6 Nb6 13.Qa5 Qd7 14.Nxe7+ Qxe7 15.Ba3 c5
16.Bxc5 Qb7+ 17.Kg1 Rfd8 18.Nd2 Ne4 19.Nxe4 Qxe4 20.Qd2 Rac8 21.Qe3 Qxe3
22.fxe3 Na4 23.Bxa7 Rd7 24.Bc5 Nxc5 25.dxc5 Rxc5 26.Rfd1 Rxd1+ 27.Rxd1 Kf8
28.Kf2 Ke7 29.Kf3 Rf5+ 30.Kg2 Ra5 31.Rd2 Ra3 32.Kf3 f5 33.Rc2 Kf6 34.Rxc4 Rxa2
35.e4  1/2-1/2

[Event "22nd ZMDI Open 2013"]
[Site "Dresden GER"]
[Date "2013.08.15"]
[Round "6.12"]
[White "Maiwald,JU"]
[Black "Schroeder,Ja"]
[Result "1/2-1/2"]
[WhiteElo "2468"]
[BlackElo "2355"]

1.Nf3 d5 2.g3 Nf6 3.Bg2 c6 4.O-O Bf5 5.d3 h6 6.c4 dxc4 7.Ne5 Nbd7 8.Nxc4 e5
9.Nc3 Bc5 10.b4 Bxb4 11.Rb1 Qe7 12.Qb3 a5 13.a3 Nc5 14.Qc2 Bxc3 15.Qxc3 O-O
16.Qxe5 Qxe5 17.Nxe5 Rfe8 18.f4 Ng4 19.h3 Nxe5 20.fxe5 Bg6 21.Bf4 Nxd3 22.exd3 Bxd3
23.Rxb7 Bxf1 24.Kxf1 g5 25.Bxc6 Re6 26.Bd5 gxf4 27.gxf4 Rd8 28.Bxe6 fxe6
29.Ke2 Rd4 30.Ke3 Ra4 31.Re7 Rxa3+ 32.Ke4 Ra4+ 33.Kf3 Ra3+ 34.Kg4 h5+ 35.Kxh5 Rxh3+
36.Kg4 Rh7 37.Rxe6 Ra7 38.Kf5 a4 39.Rg6+ Kf7 40.Rg2 a3 41.Ra2 Ke7 42.Ke4 Ra4+
43.Kd5 Ra5+ 44.Kc4 Ra4+ 45.Kd5 Ra5+ 46.Ke4 Ra4+  1/2-1/2

[Event "22nd ZMDI Open 2013"]
[Site "Dresden GER"]
[Date "2013.08.15"]
[Round "6.5"]
[White "Dann,M"]
[Black "Teske,H"]
[Result "1/2-1/2"]
[WhiteElo "2434"]
[BlackElo "2536"]

1.Nf3 d5 2.g3 Bg4 3.Bg2 Nd7 4.c4 e6 5.cxd5 exd5 6.O-O Ngf6 7.d3 Bc5 8.Qc2 O-O
9.h3 Bf5 10.Nh4 Be6 11.e4 Bb6 12.Kh2  1/2-1/2

[Event "22nd ZMDI Open 2013"]
[Site "Dresden GER"]
[Date "2013.08.15"]
[Round "6.1"]
[White "Meier,Geo"]
[Black "Oleksienko,M"]
[Result "1/2-1/2"]
[WhiteElo "2610"]
[BlackElo "2596"]

1.Nf3 d5 2.g3 Nf6 3.Bg2 c5 4.O-O Nc6 5.d4 e6 6.c4 dxc4 7.dxc5 Qxd1 8.Rxd1 Bxc5
9.Nbd2 c3 10.bxc3 O-O 11.Nb3 Be7 12.Nfd4 Nxd4 13.cxd4  1/2-1/2

[Event "22nd ZMDI Open 2013"]
[Site "Dresden GER"]
[Date "2013.08.15"]
[Round "6.30"]
[White "Juergens,Kl"]
[Black "Sturm,Timo"]
[Result "1/2-1/2"]
[WhiteElo "2148"]
[BlackElo "2030"]

1.Nf3 d5 2.g3 Nf6 3.Bg2 c5 4.c4 e6 5.O-O Nc6 6.cxd5 Nxd5 7.Nc3 Be7 8.d4 Nxc3
9.bxc3 Bf6 10.Bb2 O-O 11.e4 Na5 12.Qd3 Bd7 13.Ba3 Be7 14.d5 exd5 15.exd5 Qc7
16.d6 Qxd6 17.Qxd6 Bxd6 18.Rfd1 Nc4 19.Bxc5 Bxc5 20.Rxd7 Rae8 21.Rxb7 Re2
22.Nd4 Rd2 23.Rd7 Bb6 24.Re1 Nb2 25.Bd5 Rd1 26.Kf1 g6 27.Bb3 Rxe1+ 28.Kxe1 Nd3+
29.Kd2 Nc5 30.Re7 Nxb3+ 31.axb3 Bxd4 32.cxd4 Rb8 33.Rxa7 Rxb3 34.Re7 Kg7
35.Re3 Rb4 36.Kd3 Kf6 37.h4 h5 38.f3 Ra4 39.g4 hxg4 40.fxg4 Rb4 41.Ke4 Ke6
42.g5 Rb1 43.Kd3+ Kd5 44.Re5+ Kd6 45.Re4 Rf1 46.Ke2 Rf5 47.Ke3 Kd5 48.Re8 Rf1
49.Rd8+ Ke6 50.Re8+ Kd5 51.Re5+ Kd6 52.Re4 Kd5 53.Re5+ Kd6 54.Kd3 Rd1+ 55.Ke4 Rh1
56.Rd5+ Ke7 57.Re5+ Kd6  1/2-1/2

[Event "SS Manhem GM 2013"]
[Site "Gothenburg SWE"]
[Date "2013.08.15"]
[Round "8.2"]
[White "Bae,T"]
[Black "Rozentalis,E"]
[Result "0-1"]
[WhiteElo "2453"]
[BlackElo "2607"]

1.Nf3 d5 2.g3 c6 3.Bg2 Bf5 4.O-O e6 5.c4 Nf6 6.d3 Be7 7.Qb3 Qb6 8.Be3 Qxb3
9.axb3 a6 10.Nc3 Nbd7 11.Nh4 Bg6 12.Nxg6 hxg6 13.h3 Rd8 14.d4 Bb4 15.Bg5 Be7
16.Rfd1 Nh7 17.Bxe7 Kxe7 18.e4 dxe4 19.Nxe4 Nhf6 20.Nc3 Nb6 21.Rd3 Rd7 22.Rad1 g5
23.Kf1 Rhd8 24.Ke2 Kf8 25.R3d2 Re8 26.Bh1 Ke7 27.Bg2 Kd8 28.Bh1 Kc7 29.Bg2 Red8
30.Bh1 Nc8 31.d5 exd5 32.cxd5 c5 33.Na4 b6 34.b4 cxb4 35.Rc2+ Kb8 36.Rdc1 Rd6
37.Rc6 a5 38.Bg2 Ng8 39.Rc7 b5  0-1

[Event "SS Manhem IM 2013"]
[Site "Gothenburg SWE"]
[Date "2013.08.15"]
[Round "8.1"]
[White "Johansson,Linus"]
[Black "Rydstrom,Tom"]
[Result "1-0"]
[WhiteElo "2345"]
[BlackElo "2185"]

1.Nf3 d5 2.g3 Nf6 3.Bg2 Nbd7 4.c4 c6 5.cxd5 cxd5 6.d4 e6 7.O-O Be7 8.Ne5 Nxe5
9.dxe5 Nd7 10.f4 O-O 11.e4 dxe4 12.Nc3 Nc5 13.Be3 Rb8 14.Nxe4 b6 15.Nxc5 Bxc5
16.Bxc5 bxc5 17.Qxd8 Rxd8 18.Rfd1 Ba6 19.b3 Kf8 20.Kf2 Ke7 21.Ke1 Bb5 22.Rdc1 Rbc8
23.Rc3 Rd3 24.Rc2 Rd7 25.Rac1 Rdc7 26.Bf1 Bxf1 27.Kxf1 Rc6 28.Rc4 Kd7 29.Ke2 R8c7
30.Kd3 Rc8 31.R1c2 R8c7 32.R4c3 Rc8 33.Kc4 R8c7 34.Rd3+ Kc8 35.Rcd2 g6 36.Rd8+ Kb7
37.R2d7 h5 38.a4 a6 39.a5 Ka7 40.Rd6 Kb7 41.Rf8 Re7 42.Rdd8 Kc7 43.Ra8 Kb7
44.Rfb8+  1-0

[Event "28th Metropolitan GM"]
[Site "Los Angeles USA"]
[Date "2013.08.15"]
[Round "4"]
[White "Panjwani,R"]
[Black "Sevillano,E"]
[Result "0-1"]
[WhiteElo "2413"]
[BlackElo "2484"]

1.Nf3 d5 2.g3 Nf6 3.Bg2 c6 4.b3 g6 5.Bb2 Bg7 6.O-O O-O 7.c4 Be6 8.Na3 Qd7
9.cxd5 Bxd5 10.d3 h6 11.Nc4 Na6 12.Rc1 Rad8 13.Na5 c5 14.e4 Be6 15.d4 Nxe4
16.Qe1 Bd5 17.Ne5 Bxe5 18.dxe5 Ng5 19.f3 Nb4 20.Qe3 b6 21.a3 Na2 22.Ra1 bxa5
23.Rxa2 Qb5 24.Bc3 Bxb3 25.Rd2 Rxd2 26.Qxd2 Bc4 27.Rc1 Kh7 28.Qf4 Ne6 29.Qh4 Rd8
30.Qxe7 Rd7 31.Qf6 Qb3 32.h4 Qxa3 33.Bd2 Rxd2 34.Qxf7+ Ng7 35.Qxc4 Qe3+ 36.Kh2 Qxf3
37.Qf1 Rf2 38.Qg1 Nf5  0-1

[Event "ch-FRA w 2013"]
[Site "Nancy FRA"]
[Date "2013.08.15"]
[Round "5.6"]
[White "Safranska,A"]
[Black "Delorme,L"]
[Result "1-0"]
[WhiteElo "2312"]
[BlackElo "2183"]

1.Nf3 d5 2.g3 g6 3.Bg2 Bg7 4.d4 Nf6 5.O-O O-O 6.Nbd2 c5 7.dxc5 Nc6 8.c4 d4
9.Qa4 a5 10.a3 Bd7 11.Re1 Qc7 12.Qd1 a4 13.b4 axb3 14.Nxb3 e5 15.e3 Rfd8
16.exd4 Nxd4 17.Nfxd4 Ba4 18.Qf3 exd4 19.Bf4 Qd7 20.Bd6 Bc6 21.Qf4 Bxg2 22.Kxg2 Ne8
23.Nxd4 Qa4 24.Rac1 Nxd6 25.cxd6 Bxd4 26.Qxd4 Qc6+ 27.Kg1 Rxd6 28.Qe3 Qd7
29.Rc3 Re6 30.Qc1 Rd6 31.Qf4 Rd4 32.Qf3 Rc8 33.c5 Rd5 34.Rb1 Rc6 35.Kg2 Rh5
36.h4 Rf5 37.Qe4 Rd5 38.Rxb7  1-0

[Event "ch-FRA w 2013"]
[Site "Nancy FRA"]
[Date "2013.08.15"]
[Round "5.3"]
[White "Choisy,M"]
[Black "Martsynovskaya,M"]
[Result "1/2-1/2"]
[WhiteElo "2150"]
[BlackElo "2156"]

1.Nf3 d5 2.g3 Nf6 3.Bg2 c6 4.O-O Bg4 5.d3 Nbd7 6.Nbd2 e5 7.h3 Bxf3 8.Bxf3 Bc5
9.c3 O-O 10.e4 dxe4 11.dxe4 Qc7 12.Qe2 Rfd8 13.Nc4 Nf8 14.Bg5 Be7 15.Bxf6 Bxf6
16.Bg4 Nd7 17.Rfd1 Nb6 18.Ne3 g6 19.h4 Rxd1+ 20.Rxd1 Rd8 21.Kg2 Rxd1 22.Qxd1 Qd8
23.Qxd8+ Bxd8 24.b3 Kf8 25.Kf1 Ke7 26.h5 Kd6 27.hxg6 hxg6 28.Be2 Bg5 29.Nc4+ Nxc4
30.Bxc4 Ke7 31.Ke2 Bh6 32.Bd3 Bg5 33.Bc4 Bh6 34.Bd3 Bg5 35.Bc4  1/2-1/2

[Event "FIDE World Cup 2013"]
[Site "Tromso NOR"]
[Date "2013.08.15"]
[Round "2.2"]
[White "Kramnik,V"]
[Black "Kobalia,M"]
[Result "1/2-1/2"]
[WhiteElo "2784"]
[BlackElo "2651"]

1.Nf3 d5 2.g3 Bg4 3.Bg2 Nd7 4.O-O c6 5.d3 e5 6.e4 dxe4 7.dxe4 Ngf6 8.Nbd2 Qc7
9.h3 Bh5 10.Qe1 Bc5 11.Nc4 O-O 12.b4 Be7 13.Bb2 Bxf3 14.Bxf3 b5 15.Ne3 a5
16.a3 Nb6 17.bxa5 Na4 18.Bc1 Qxa5 19.Bd2 Qc7 20.c4 Nc5 21.cxb5 Nb3 22.Rb1 Nd4
23.Bg2 Nxb5 24.Nf5 Bxa3 25.Qe3 Ne8 26.Ra1 g6 27.Nh6+ Kg7 28.Ng4 h5 29.Qh6+ Kg8
30.Ne3 Ng7 31.Kh1 Rfd8 32.Nc4 Ne6 33.Nxa3 Rxa3 34.Rxa3 Nxa3 35.Bc1 Nc4 36.f4 exf4
37.gxf4 Nf8 38.f5 Qe5 39.Bg5 f6 40.Bf4 Qe8 41.Rg1 Rd7 42.fxg6 Rg7 43.Qxh5 Rxg6
44.Rb1 Ne5 45.Bh2 Nfd7 46.Rb7 Nf8 47.Qd1 Rg7 48.Rb3 Qd7 49.Qf1 Qd6 50.Rf3 Nfd7
51.h4 Qd4 52.Ra3 Rg4 53.Bg3 Kg7 54.Bf2 Qb2 55.Re3 Rf4 56.Re2 Qc3 57.Qd1 Rg4
58.Re3 Qc4 59.Bh3 Rxe4 60.Rg3+ Kf8 61.h5 Qd5 62.Qxd5 cxd5 63.Rg2 f5 64.Bxf5 Rf4
65.Be6 d4 66.Bg3 Rf1+ 67.Rg1 Rf6 68.Bb3 Rf5 69.Bd1 Nf6 70.Re1 Neg4 71.Bxg4  1/2-1/2

[Event "22nd ZMDI Open 2013"]
[Site "Dresden GER"]
[Date "2013.08.16"]
[Round "7.26"]
[White "Schnoor,E"]
[Black "Mueller Dehn,C"]
[Result "1/2-1/2"]
[WhiteElo "2059"]
[BlackElo "2181"]

1.Nf3 d5 2.g3 g6 3.Bg2 Bg7 4.O-O e5 5.d3 Ne7 6.Nbd2 O-O 7.e4 Nbc6 8.Re1 Re8
9.b3 a5 10.a3 d4 11.a4 h6 12.Nc4 Bg4 13.h3 Be6 14.Kh2 Qd7  1/2-1/2

[Event "22nd ZMDI Open 2013"]
[Site "Dresden GER"]
[Date "2013.08.16"]
[Round "7.15"]
[White "Gutman,L"]
[Black "Holm,S"]
[Result "1-0"]
[WhiteElo "2441"]
[BlackElo "2256"]

1.Nf3 d5 2.g3 c5 3.Bg2 Nc6 4.d4 Nf6 5.O-O e6 6.c4 dxc4 7.dxc5 Qxd1 8.Rxd1 Bxc5
9.Nbd2 c3 10.bxc3 O-O 11.Nb3 Be7 12.Nfd4 Bd7 13.Nxc6 Bxc6 14.Bxc6 bxc6 15.c4 a5
16.Bd2 Bb4 17.Nd4 Bxd2 18.Rxd2 Rfd8 19.Rdd1 Rdc8 20.f3 g6 21.Rab1 a4 22.Kf2 e5
23.Nc2 Rab8 24.Rxb8 Rxb8 25.Rd6 Rb2 26.Ne1 Kg7 27.Nd3 Rxa2 28.Nxe5 Ne8 29.Rxc6 f6
30.Nd3 Rc2 31.c5 a3 32.Ra6 a2 33.Ke1 Nc7 34.Ra7 Kh6 35.Kd1 Nb5 36.Kxc2 Nxa7
37.Kb2 Nb5 38.Kxa2 Nd4 39.e3  1-0

[Event "FIDE World Cup 2013"]
[Site "Tromso NOR"]
[Date "2013.08.16"]
[Round "2.5"]
[White "Dubov,Danii"]
[Black "Ponomariov,R"]
[Result "1/2-1/2"]
[WhiteElo "2624"]
[BlackElo "2756"]

1.Nf3 d5 2.g3 g6 3.Bg2 Bg7 4.O-O Nf6 5.c4 c6 6.b3 Ne4 7.d4 O-O 8.Bb2 Bf5
9.Nc3 Nxc3 10.Bxc3 Be4 11.Rc1 Nd7 12.Bh3 Bxf3 13.exf3 dxc4 14.bxc4 Nb6 15.Ba1 e6
16.Qb3  1/2-1/2

[Event "21st Troya Open 2013"]
[Site "Canakkale TUR"]
[Date "2013.08.17"]
[Round "1.13"]
[White "Ersahin,B"]
[Black "Ulker,Tolga"]
[Result "1-0"]
[WhiteElo "2193"]
[BlackElo "1789"]

1.Nf3 d5 2.g3 Nf6 3.Bg2 e6 4.O-O Be7 5.d4 O-O 6.c4 b6 7.Nc3 Bb7 8.Bf4 Nh5
9.cxd5 Nxf4 10.gxf4 exd5 11.Ne5 Bb4 12.Rc1 Bxc3 13.Rxc3 f6 14.Nd3 Nc6 15.e3 Qd7
16.Qa4 Qf5 17.Rfc1 Nd8 18.Qb3 c6 19.e4 Qg6 20.f5 Qg5 21.f4 Qg4 22.exd5 cxd5
23.Nb4 Nf7 24.Nxd5 Bxd5 25.Qxd5 Qxf4 26.Rc7 Rad8 27.Qe4 Qxe4 28.Bxe4 Ng5
29.Bg2 Rxd4 30.Rxa7 Rd2 31.h4 Nf7 32.Rcc7 g6 33.Bf1 Rd1 34.fxg6 hxg6 35.Kf2 Rd2+
36.Kg3 g5 37.Bc4 gxh4+ 38.Kh3  1-0

[Event "22nd ZMDI Open 2013"]
[Site "Dresden GER"]
[Date "2013.08.17"]
[Round "8.33"]
[White "Faldum,Manfred"]
[Black "Richter,Gera"]
[Result "1-0"]
[WhiteElo "1886"]
[BlackElo "2127"]

1.Nf3 d5 2.g3 Nf6 3.Bg2 Bg4 4.O-O Nbd7 5.d3 e5 6.c4 c6 7.cxd5 Nxd5 8.Nc3 Nxc3
9.bxc3 Be7 10.Qa4 Bxf3 11.Bxf3 O-O 12.Rb1 Re8 13.Be3 Qc7 14.Qc4 Bf8 15.Rb2 Rac8
16.a4 b6 17.Rfb1 g6 18.Qb3 Nc5 19.Qc4 Nd7 20.h4 Kg7 21.Kg2 h5 22.g4 hxg4
23.Bxg4 f5 24.Bf3 Nf6 25.Bg5 Be7 26.Rg1 Qd6 27.Kf1 Rh8 28.e4 f4 29.d4 Nd7
30.Ra2 Bxg5 31.hxg5 c5 32.d5 Rb8 33.Qb5 c4 34.Qa6 Qc7 35.Ke2 Rhc8 36.Bg4 Qb7
37.Qxb7 Rxb7 38.Bxd7 Rxd7 39.Rb2 Rc5 40.Rb5 Rxb5 41.axb5 Kf7 42.Rh1 Kg7 43.Ra1 Kf7
44.Ra4 Rc7 45.d6 Rc5 46.Rxa7+ Ke8 47.Rg7 Rxb5 48.Rxg6 Rb2+ 49.Kf3 Rb3 50.Rg8+ Kd7
51.g6 Rxc3+ 52.Kg2 f3+ 53.Kh2 Rc2 54.g7 Rxf2+ 55.Kh3 Rg2 56.Ra8 Kxd6 57.g8=Q Rxg8
58.Rxg8 Kc5 59.Kg3 b5 60.Kxf3 b4 61.Ke3 b3 62.Rb8  1-0

[Event "ch-FRA w 2013"]
[Site "Nancy FRA"]
[Date "2013.08.17"]
[Round "6.1"]
[White "Hamdouchi,A"]
[Black "Maisuradze,N"]
[Result "1/2-1/2"]
[WhiteElo "2211"]
[BlackElo "2288"]

1.Nf3 d5 2.g3 Nf6 3.c4 c6 4.b3 Bg4 5.Bg2 Nbd7 6.Bb2 e6 7.O-O Bd6 8.d3 O-O
9.Nbd2 Qe7 10.h3 Bh5 11.Re1 Rfd8 12.a3 a5 13.Qc2 Rac8 14.e4 dxe4 15.dxe4 Bxf3
16.Nxf3 e5 17.Nh4 g6 18.Bc3 b6 19.Qb2 Nc5 20.Rad1 Ne8 21.Nf3 f6 22.h4 Bc7
23.Qc2 Ng7 24.Bf1 Na6 25.Qb2 Bd6 26.Ra1 Ne6 27.h5 Nac5 28.hxg6 hxg6 29.Nh4 Kf7
30.Rab1 Rh8 31.Qe2 Na6 32.Qg4 Rcg8 33.a4 Nac5 34.Red1 Rg7 35.Rb2 Rd8 36.Bg2 Rgg8
37.Bh3 Ng5 38.Bg2 Nce6 39.Rbd2 Bc5 40.Kh2 Rxd2 41.Rxd2 Qc7 42.Qd1 Ke7 43.Qa1 Nf7
44.Qd1 Nh6 45.Bh3 Nd4 46.Bxd4 Bxd4 47.Nxg6+ Rxg6 48.Qh5 Ng4+ 49.Bxg4 Rg5
50.Qh4 Qd6 51.Qh7+ Kf8 52.Qh8+ Rg8 53.Qh6+ Ke7 54.Bh5 Qd8 55.Qh7+ Kd6 56.c5+ bxc5
57.Kg2 Rh8 58.Qf5 Qe7 59.Bg4 Rg8 60.Be2 Rh8 61.Bc4 Kc7 62.Rd3 Qg7 63.Rd1 Qh6
64.Kf3 Qh5+ 65.Qxh5 Rxh5 66.Rd2  1/2-1/2

[Event "Stare Mesto Open 2013"]
[Site "Stare Mesto CZE"]
[Date "2013.08.17"]
[Round "10.1"]
[White "Kislinsky,A"]
[Black "Jurcik,Mart"]
[Result "0-1"]
[WhiteElo "2521"]
[BlackElo "2347"]

1.g3 d5 2.Nf3 Bg4 3.Bg2 Nd7 4.d3 e6 5.O-O Ngf6 6.Nbd2 Be7 7.Qe1 O-O 8.h3 Bxf3
9.Nxf3 c6 10.e4 dxe4 11.dxe4 e5 12.Nh4 g6 13.Nf3 Qc7 14.Kh1 Rfe8 15.Nh2 Bf8
16.Bg5 Bg7 17.Be3 Rad8 18.a4 a5 19.Qc3 Bf8 20.Qc4 b6 21.Rae1 Nc5 22.b3 Qd7
23.Qe2 Qc7 24.f3 Ne6 25.Ng4 Nxg4 26.fxg4 Bc5 27.Bxc5 Nxc5 28.g5 Rd4 29.Rf2 Red8
30.Ref1 R8d7 31.h4 Qd8 32.Rf6 R4d6 33.Qc4 Rxf6 34.Rxf6 Rd1+ 35.Kh2 Qd7 36.c3 Rd6
37.Bh3 Rd2+ 38.Kg1 Rd1+ 39.Bf1 Re1 40.b4 Nxe4 41.Qxc6 Nxf6 42.Qxf6 Qf5 43.Qxf5 gxf5
44.Kf2 Rc1 45.bxa5 bxa5  0-1

[Event "18th Vienna Open 2013"]
[Site "Vienna AUT"]
[Date "2013.08.17"]
[Round "1.22"]
[White "Behrendt,C"]
[Black "Beshukov,S"]
[Result "1/2-1/2"]
[WhiteElo "2090"]
[BlackElo "2441"]

1.Nf3 d5 2.g3 c6 3.Bg2 Nd7 4.d4 Ngf6 5.O-O e6 6.b3 b6 7.Bb2 Ba6 8.Nbd2 Be7
9.Re1 O-O 10.Ne5 Rc8 11.e4 c5 12.exd5 Nxd5 13.Ne4 c4 14.Nxc4 Bxc4 15.bxc4 Rxc4
16.Bf1 Rc7 17.c4 N5f6 18.Nc3 Nb8 19.Qd3 Rd7 20.Rad1 Nc6 21.Ne4 Qc7 22.Ng5 h6
23.Nf3 Rfd8 24.Qb3 Na5 25.Qb5 Nc6 26.Bc3 Rc8 27.d5 Qd8 28.Rd2 exd5 29.Bxf6 Bxf6
30.Bh3 d4 31.Bxd7 Qxd7 32.Qd5  1/2-1/2

[Event "18th Vienna Open 2013"]
[Site "Vienna AUT"]
[Date "2013.08.17"]
[Round "1.9"]
[White "Stanec,N"]
[Black "Lytvynets,Dmytro"]
[Result "1-0"]
[WhiteElo "2515"]
[BlackElo "2105"]

1.Nf3 d5 2.g3 Nf6 3.Bg2 g6 4.O-O Bg7 5.d3 O-O 6.Nbd2 Re8 7.e4 dxe4 8.dxe4 e5
9.b3 Nc6 10.Bb2 Bg4 11.Re1 Nd7 12.h3 Be6 13.Qe2 Nb6 14.a3 Qe7 15.Rad1 Rad8
16.Nf1 Rxd1 17.Rxd1 Rd8 18.Rxd8+ Qxd8 19.c4 f6 20.c5 Nd7 21.b4 a6 22.Ne3 Ndb8
23.Qc2 Qd7 24.h4 Ne7 25.Bf1 Bh6 26.Nc4 Nbc6 27.Be2 Bf7 28.Qc3 Bg7 29.Ne3 Bh6
30.Kg2 Bxe3 31.Qxe3 Nd8 32.h5 gxh5 33.Nh4 Ndc6 34.Qh6 Qe6 35.Bxh5 Nd8 36.Qd2 Ndc6
37.Bf3 Kg7 38.Be2 Kg8 39.Bc3 Kg7 40.a4 Qa2 41.Qxa2 Bxa2 42.b5 axb5 43.axb5 Nd8
44.Bd2 Ne6 45.Be3 Ng5 46.Bd3 Ne6 47.f4 Kf7 48.Nf3 exf4 49.gxf4 h6 50.f5 Ng5
51.Bf4 c6 52.b6 Ke8 53.Nxg5 hxg5 54.Bd6 Kd7 55.Ba6 Bb1 56.Kf3 Nxf5 57.exf5 Kc8
58.Kg4 bxa6 59.Be7 a5 60.Bxf6 Bd3 61.Kxg5  1-0

[Event "3rd Budapest Open"]
[Site "Budapest HUN"]
[Date "2013.08.18"]
[Round "2.4"]
[White "Csabai,V"]
[Black "Erdos,B"]
[Result "0-1"]
[WhiteElo "2034"]
[BlackElo "2189"]

1.Nf3 d5 2.g3 Nf6 3.Bg2 c6 4.c4 Bf5 5.cxd5 cxd5 6.Qb3 Qc7 7.Nc3 e6 8.d3 Nc6
9.Bf4 Qd7 10.O-O Be7 11.Ne5 Nxe5 12.Bxe5 O-O 13.e4 dxe4 14.dxe4 Bg4 15.h3 Bh5
16.g4 Bg6 17.Rad1 Qc6 18.Bxf6 gxf6 19.e5 Qc5 20.Rd7 fxe5 21.Qxb7 Bh4 22.Ne4 Qc2
23.Nd6 Rab8 24.Qc7 Qxc7 25.Rxc7 Rxb2 26.Rxa7 Bd3 27.Rc1 Bxf2+ 28.Kh1 Bxa7  0-1

[Event "22nd ZMDI Open 2013"]
[Site "Dresden GER"]
[Date "2013.08.18"]
[Round "9.3"]
[White "Meier,Geo"]
[Black "Bluebaum,M"]
[Result "1-0"]
[WhiteElo "2610"]
[BlackElo "2513"]

1.Nf3 d5 2.g3 Bg4 3.Bg2 Nd7 4.c4 e6 5.cxd5 exd5 6.O-O Ngf6 7.h3 Bxf3 8.Bxf3 c6
9.Bg2 Bc5 10.d3 O-O 11.e3 Qe7 12.a3 a5 13.b3 Rfe8 14.Ra2 Nf8 15.Rc2 Ne6 16.Bb2 Rad8
17.Rc1 Bb6 18.h4 Nd7 19.Bh3 Bc7 20.Rc2 Be5 21.Bc1 Bc7 22.Kg2 Qf6 23.b4 axb4
24.axb4 Bd6 25.b5 c5 26.Nc3 Nb6 27.Kg1 Qe7 28.Re1 Qc7 29.Bg2 d4 30.Ne4 dxe3
31.Bxe3 Nd5 32.Bg5 Nxg5 33.hxg5 Nb4 34.Rc4 Qb6 35.d4 cxd4 36.Nxd6 Qxd6 37.Rxe8+ Rxe8
38.Rxd4 Qc5 39.Rd8 Qxb5 40.Qd6 Na6 41.Qe7  1-0

[Event "22nd Feffernitz Open 2013"]
[Site "Feffernitz GER"]
[Date "2013.08.18"]
[Round "1.3"]
[White "Ivanov,MM"]
[Black "Hoegl,Emanuel"]
[Result "1-0"]
[WhiteElo "2390"]
[BlackElo "1844"]

1.Nf3 d5 2.g3 Nf6 3.Bg2 g6 4.b3 Bg7 5.Bb2 c6 6.d3 Nbd7 7.c4 O-O 8.Nbd2 Re8
9.O-O e5 10.cxd5 Nxd5 11.Qc2 N7b6 12.a3 Bd7 13.Ne4 Qc7 14.b4 Rac8 15.Nc5 Bg4
16.Qb3 Rcd8 17.Rfc1 Qe7 18.a4 Na8 19.e4 Ndb6 20.a5 Nc8 21.a6 bxa6 22.Nxa6 Qd6
23.Ne1 Bh6 24.Rc2 Re7 25.Qc3 Bd7 26.b5 Qf6 27.bxc6 Be8 28.Bh3 Nab6 29.Ba3 Nd6
30.c7 Ra8 31.Bxd6  1-0

[Event "Caissa IM Aug 2013"]
[Site "Kecskemet HUN"]
[Date "2013.08.18"]
[Round "3.3"]
[White "Neuer,T"]
[Black "Somborski,N"]
[Result "1/2-1/2"]
[WhiteElo "2088"]
[BlackElo "2339"]

1.Nf3 d5 2.g3 Bg4 3.Bg2 Nd7 4.c4 e6 5.cxd5 exd5 6.Nc3 Ngf6 7.d3 c6 8.Qb3 Nc5
9.Qc2 Bd6 10.O-O O-O 11.e4 Re8 12.Nh4 dxe4 13.dxe4 Be5 14.f3 Be6 15.Rd1 Qe7
16.Be3 Nfd7 17.Bf2 g5 18.Nf5 Bxf5 19.exf5 Qf6 20.Rac1 Re7 21.Bf1 a5 22.b3 Rae8
23.a3 h6 24.b4 Bxc3 25.Qxc3 Qxc3 26.Rxc3 Na4 27.Rc2 axb4 28.axb4 Nab6 29.b5 Nd5
30.bxc6 bxc6 31.Rxc6 Ne5 32.Rxh6 Nxf3+ 33.Kg2 Ne3+ 34.Bxe3 Rxe3 35.Rhd6 Rb8
36.Rd8+ Rxd8 37.Rxd8+ Kg7 38.Rd6 Ne5 39.h3 Rc3 40.Rd2 g4 41.hxg4 Nxg4 42.Be2 Ne3+
43.Kf2  1/2-1/2

[Event "TCh-POR Div1 Final 2013"]
[Site "Matosinhos POR"]
[Date "2013.08.18"]
[Round "2.4"]
[White "Guerreiro,N"]
[Black "Ulyanovskyy,Vi"]
[Result "0-1"]
[WhiteElo "2153"]
[BlackElo "2266"]

1.Nf3 d5 2.g3 g6 3.Bg2 Bg7 4.c4 c6 5.cxd5 cxd5 6.d4 Nc6 7.O-O Qb6 8.Nc3 Nf6
9.Bg5 e6 10.a3 a5 11.Rb1 O-O 12.Ne5 Nd7 13.Nxc6 bxc6 14.Be3 Ba6 15.b3 Qc7
16.Qc2 Qd6 17.Na4 Bb5 18.Nc3 Rfc8 19.Rfc1 Ba6 20.Na4 Qxa3 21.b4 axb4 22.Ra1 b3
23.Qd2 Qf8 24.Nb2 Bb5 25.Qc3 Rxa1 26.Rxa1 c5 27.Qxb3 Bxe2 28.Ra7 cxd4 29.Rxd7 dxe3
30.Qxe3 Bb5 31.Rb7 Rb8 32.Qb6 Rxb7 33.Qxb7 Be2 34.Na4 Qa3 35.Qb8+ Bf8 36.Qb2 Qxb2
37.Nxb2 Bg7 38.Na4 Bc4 39.Bf1 Bxf1 40.Kxf1 e5 41.Ke2 Kf8 42.Kd3 Ke7 43.f4 f6
44.g4 g5 45.f5 Kd6 46.Kc2  0-1

[Event "18th Vienna Open 2013"]
[Site "Vienna AUT"]
[Date "2013.08.18"]
[Round "2.15"]
[White "Fauland,A"]
[Black "Leitner,G"]
[Result "1-0"]
[WhiteElo "2447"]
[BlackElo "2199"]

1.Nf3 d5 2.g3 c6 3.Bg2 Nf6 4.b3 Bg4 5.Bb2 Nbd7 6.d3 e6 7.Nbd2 Be7 8.h3 Bh5
9.g4 Bg6 10.Nh4 Qc7 11.e3 O-O-O 12.Qf3 Rdf8 13.Qe2 Ne8 14.Nxg6 hxg6 15.O-O-O Qa5
16.Kb1 Bf6 17.d4 Nd6 18.c4 Kb8 19.Qd3 Qa6 20.Qc2 dxc4 21.Nxc4 Nxc4 22.bxc4 c5
23.Rd3 cxd4 24.exd4 Rc8 25.c5 Rc7 26.Ra3 Qb5 27.Rb3 Qa6 28.Rd1 e5 29.dxe5 Be7
30.Bxb7 Rxb7 31.Rxd7 Rxb3 32.Qxb3+ Kc8 33.Rxe7 Rd8 34.Qf3 Qf1+ 35.Bc1 Qb5+
36.Ka1 Kb8 37.e6  1-0

[Event "3rd Isthmia Open"]
[Site "Vrachati GRE"]
[Date "2013.08.18"]
[Round "1.15"]
[White "Argiroudis,S"]
[Black "Bellos,I"]
[Result "0-1"]
[WhiteElo "2351"]
[BlackElo "1978"]

1.Nf3 d5 2.g3 Bg4 3.Bg2 c6 4.c4 e6 5.Qb3 Qb6 6.Qc2 Nf6 7.O-O Nbd7 8.d3 Be7
9.Nc3 O-O 10.e4 dxe4 11.dxe4 Qc7 12.Nd4 Rad8 13.Be3 Bh5 14.f3 Bg6 15.Qe2 Rfe8
16.Kh1 e5 17.Nb3 Nf8 18.Bh3 N6d7 19.Rac1 f6 20.Qf2 Bf7 21.Rfd1 Bxc4 22.Nd2 Be6
23.Nd5 Qa5 24.Nc4 Qxa2 25.Nxe7+ Rxe7 26.Bxe6+ Nxe6 27.Qc2 Nb6 28.Bxb6 Rxd1+
29.Qxd1 axb6 30.Qd6 Kf7 31.Qb4 Nd4 32.Nd6+ Kg6 33.Nf5 Rd7 34.Rf1 Qb3 35.Qd2 Qc2
36.Nh4+ Kf7 37.Qb4 Qe2 38.Re1 Qd3 39.Qa4 Nxf3 40.Qa2+ Kf8  0-1

[Event "12th Lichtenberger Sommer"]
[Site "Berlin GER"]
[Date "2013.08.19"]
[Round "3.109"]
[White "Pilgrim,W"]
[Black "Korb,Viktor"]
[Result "0-1"]
[WhiteElo "1508"]
[BlackElo "1691"]

1.Nf3 d5 2.g3 Nf6 3.Bg2 c6 4.d4 Bg4 5.Nc3 e6 6.Ne5 Bd6 7.Bg5 Bf5 8.e4 dxe4
9.Nxe4 Bxe5 10.Bxf6 Bxf6 11.Nc5 Qxd4 12.Qxd4 Bxd4 13.Nxb7 O-O 14.O-O-O Bxf2
15.Na5 Bb6 16.Nc4 Na6 17.a3 Nc5 18.Bxc6 Rac8 19.Ne5 Be4 20.Bxe4 Nxe4 21.Nd7 Rfd8
22.Rhe1 Nc5 23.Nxb6 axb6 24.Rxd8+ Rxd8 25.b4 Nb7 26.Re4 Nd6 27.Rd4 Kf8 28.c4 Ke7
29.Kc2 Rc8 30.Kd3 Ra8  0-1

[Event "Caissa IM Aug 2013"]
[Site "Kecskemet HUN"]
[Date "2013.08.19"]
[Round "5.2"]
[White "Neuer,T"]
[Black "Sean,W"]
[Result "0-1"]
[WhiteElo "2088"]
[BlackElo "2287"]

1.Nf3 d5 2.g3 Nc6 3.d4 Bg4 4.Bg2 Qd7 5.c4 dxc4 6.d5 O-O-O 7.Nc3 Bxf3 8.Bxf3 Ne5
9.Bg2 e6 10.Qd4 Nc6 11.Qxc4 Nb4 12.Qb3 Nxd5 13.O-O c6 14.e4 Nxc3 15.bxc3 Bc5
16.a4 Nf6 17.Bg5 h6 18.Bxf6 gxf6 19.Qc4 Qe7 20.Rfd1 Bb6 21.Bf3 Qc7 22.Qb4 Rdg8
23.Kg2 Rg5 24.Qd6 Qxd6 25.Rxd6 Rc5 26.Rd3 Rd8 27.Rad1 Rxd3 28.Rxd3 Ba5 29.h4 Bxc3
30.Bd1 b5 31.f4 Kc7 32.g4 Be1 33.h5 Rc3 34.Rxc3 Bxc3 35.Kf3 Kb6 36.Ke3 Kc5
37.Kd3 Kb4 38.Bc2 Bb2 39.axb5 cxb5 40.Bb1 a6 41.Kc2 Ka3 42.Kd2 b4 43.Bd3 b3
44.g5 fxg5 45.fxg5 hxg5  0-1

[Event "88th ch-FRA 2013"]
[Site "Nancy FRA"]
[Date "2013.08.19"]
[Round "8.2"]
[White "Wirig,A"]
[Black "Sebag,M"]
[Result "1/2-1/2"]
[WhiteElo "2496"]
[BlackElo "2527"]

1.Nf3 d5 2.g3 c6 3.Bg2 Bg4 4.c4 e6 5.cxd5 Bxf3 6.Bxf3 cxd5 7.O-O Nc6 8.Bg2 Nf6
9.d3 Bc5 10.Nc3 a6 11.Bg5 h6 12.Bxf6 Qxf6 13.e4 dxe4 14.Nxe4 Qe7 15.Nxc5 Qxc5
16.Rc1 Qb6 17.Bxc6+ bxc6 18.Qa4 O-O 19.Rc2 Rfd8 20.Qxc6 Qxc6 21.Rxc6 Rxd3
22.Rfc1 Rd2 23.R1c2 Rad8 24.b4 Rxc2 25.Rxc2 Rd1+ 26.Kg2 Rb1 27.Rc8+ Kh7 28.Rc4 Ra1
29.Rc2 Rb1 30.Rc4 Ra1 31.Rc2 Rb1  1/2-1/2